DOCTRINA SOCIAL DE LA IGLESIA: UNA APROXIMACION HISTORICA /

محفوظ في:
التفاصيل البيبلوغرافية
المؤلف الرئيسي: Camacho Laraña, Ildefonso (autor)
التنسيق: كتاب
الطبعة:2a edición
سلاسل:BIBLIOTECA DE TEOLOGIA; 14
الموضوعات:
الوسوم: إضافة وسم
لا توجد وسوم, كن أول من يضع وسما على هذه التسجيلة!

MARC

LEADER 00000nam^a2200000^a^4500
001 000231524
005 20250526000000.0
009 20260310104523.142
020 |a 84-285-1440-2 
035 |a 055473 
037 |a Acervo Xavier Clavigero 
082 |a 261. 8  |b CAM 
100 |a Camacho Laraña, Ildefonso  |e (autor) 
245 1 0 |a DOCTRINA SOCIAL DE LA IGLESIA:  |b UNA APROXIMACION HISTORICA /  |c ILDEFONSO CAMACHO 
250 |a 2a edición 
264 |a MADRID :  |b SAN PABLO,  |c 1994 
300 |a 619p. 
336 |a texto  |b txt  |2 rdacontenido 
337 |a sin mediación  |b n  |2 rdamedio 
338 |a volumen  |b nc  |2 rdasoporte 
440 |a BIBLIOTECA DE TEOLOGIA;  |v 14 
649 |a XX 
650 |a Iglesia y Problemas Sociales 
650 |a SOCIOLOGIA CRISTIANA. 
650 |a Teología Social 
910 |a Fondo General 
920 |a Impresos - Libros 
930 |a Colección General 
905 |a 101 
901 |a 055473  |b IT1  |c ACC  |i 055473  |u 20250521 
902 |a https://opac.biblio.iteso.mx/vufind/Record/000231524